| 000 | 00692nam a2200217 4500 | ||
|---|---|---|---|
| 001 | GB1032 | ||
| 003 | IN-BhIIT | ||
| 005 | 20241111175732.0 | ||
| 008 | 241111b |||||||| |||| 00| 0 eng d | ||
| 020 | _a9789354264658 | ||
| 040 | _aIN-BhIIT | ||
| 041 | _aeng | ||
| 082 |
_a100 _bVA/H |
||
| 100 |
_aV.A. Santhosh. _eAuthor _924853 |
||
| 245 |
_aHallucinations of differently abled living beings : _bredefining the human perspective towards life from a psychological paradigm / _cby Santhosh V.A. |
||
| 260 |
_aKerala : _bSt. Joseph's Press, _c2021. |
||
| 300 |
_a323 p. : _bill. ; _c22 cm. |
||
| 504 | _aIncludes bibliographical references and index. | ||
| 650 | _aPhilosophy | ||
| 942 | _cGB | ||
| 999 |
_c14492 _d14492 |
||